Основные направления совершенствования управлением общим образованием на региональном уровне (Запись № 1570111)

Подробности
000 -МАРКЕР
контрольное поле 02169nam0a2200373 4500
001 - ИДЕНТИФИКАТОР ЗАПИСИ
контрольное поле RU\NLR\bibl\1467088
005 - ИДЕНТИФИКАТОР ВЕРСИИ
контрольное поле 20260405194148.0
010 ## - МЕЖДУНАРОДНЫЙ СТАНДАРТНЫЙ НОМЕР КНИГИ (ISBN)
Номер (ISBN) 978-5-7142-1127-0
Тираж 500
021 ## - НОМЕР ГОСУДАРСТВЕННОЙ РЕГИСТРАЦИИ
Код страны российская федерация
Номер 2009-97677
Номер Листа государственной регистраци 6207
035 ## - ДРУГИЕ СИСТЕМНЫЕ НОМЕРА
Идентификатор записи (nilc)RSL-KNO-004420538
035 ## - ДРУГИЕ СИСТЕМНЫЕ НОМЕРА
Идентификатор записи (NLR Aleph) 001458815
100 ## - ДАННЫЕ ОБЩЕЙ ОБРАБОТКИ
Данные общей обработки 20091127d2009 |||y0rusy50 ca
101 0# - ЯЗЫК РЕСУРСА
Язык текста, звукозаписи и т.д. русский
102 ## - СТРАНА ПУБЛИКАЦИИ ИЛИ ПРОИЗВОДСТВА
Страна публикации российская федерация
105 ## - ПОЛЕ КОДИРОВАННЫХ ДАННЫХ: ТЕКСТОВЫЕ МАТЕРИАЛЫ, МОНОГРАФИЧЕСКИЕ
Кодированные данные о монографическом текстовом документе a zzzz|||||
200 1# - ЗАГЛАВИЕ И СВЕДЕНИЯ ОБ ОТВЕТСТВЕННОСТИ
Основное заглавие Основные направления совершенствования управлением общим образованием на региональном уровне
Сведения, относящиеся к заглавию монография
Первые сведения об ответственности А. В. Клюев, Е. О. Соловьева
Последующие сведения об ответственности М-во образования и науки Российской Федерации, ГОУ ВПО "Сургутский гос. ун-т Ханты-Мансийского авт. окр. - Югры"
210 ## - ПУБЛИКАЦИЯ, РАСПРОСТРАНЕНИЕ И ДР.
Место издания, распространения и т.д. Шадринск
Имя издателя, распространителя и т. д. Шадринский Дом Печати
Место издания, распространения и т.д. Сургут
Имя издателя, распространителя и т. д. Сургутский государственный университет
Дата издания, распространения и т.д. 2009
215 ## - ФИЗИЧЕСКАЯ ХАРАКТЕРИСТИКА
Специфическое обозначение материала и объем 53 с.
Другие сведения о физической характеристике ил.
Размеры 20
225 1# - СЕРИЯ
Основное заглавие серии Образование XXI века
320 ## - ПРИМЕЧАНИЯ О НАЛИЧИИ В ДОКУМЕНТЕ БИБЛИОГРАФИИ / УКАЗАТЕЛЯ
Текст примечания Библиогр.: с. 52-53 (15 назв.) и в подстроч. прим.
606 1# - НАИМЕНОВАНИЕ ТЕМЫ КАК ПРЕДМЕТ
Наименование темы Школьное образование
Географический подзаголовок Ханты-Мансийский автономный округ-Югра
Системный номер авторитетной/нормативной записи 2510247
Идентификатор авторитетной/нормативной записи RU\NLR\AUTH\661488195
606 1# - НАИМЕНОВАНИЕ ТЕМЫ КАК ПРЕДМЕТ
Наименование темы Школьное образование
Тематический подзаголовок Модернизация
Географический подзаголовок Ханты-Мансийский автономный округ-Югра
Системный номер авторитетной/нормативной записи 2605444
Идентификатор авторитетной/нормативной записи RU\NLR\auth\661542002
686 ## - ИНДЕКСЫ ДРУГИХ КЛАССИФИКАЦИЙ
Индекс Ч424(2Р-4Тю-6Х)к,0
Код системы
686 ## - ИНДЕКСЫ ДРУГИХ КЛАССИФИКАЦИЙ
Индекс Ч424(2Р-4Тю-6Х)
700 #1 - ИМЯ ЛИЦА - ПЕРВИЧНАЯ ОТВЕТСТВЕННОСТЬ
Код отношения Автор
Материалы, к которым относится поле rus
Графика поля Кириллица
Начальный элемент ввода Клюев
Часть имени, кроме начального элемента ввода А. В.
Даты 1941-
Расширение инициалов личного имени Анатолий Владимирович
Идентификатор авторитетной/нормативной записи RU\NLR\auth\7732054
Системный номер авторитетной/нормативной записи 15064
701 #1 - ИМЯ ЛИЦА - АЛЬТЕРНАТИВНАЯ ОТВЕТСТВЕННОСТЬ
Код отношения Автор
Материалы, к которым относится поле rus
Графика поля Кириллица
Начальный элемент ввода Соловьева
Часть имени, кроме начального элемента ввода Е. О.
Дополнения к именам, кроме дат канд. социол. наук, образование
Расширение инициалов личного имени Екатерина Олеговна
Идентификатор авторитетной/нормативной записи RU\NLR\AUTH\7785894
Системный номер авторитетной/нормативной записи 68822
801 #0 - ИСТОЧНИК ЗАПИСИ
Страна российская федерация
Организация RuMoRGB
Дата составления 20091127
Правила каталогизации rcr
801 #1 - ИСТОЧНИК ЗАПИСИ
Страна российская федерация
Организация RuMoRGB
Дата составления 20091127
801 #2 - ИСТОЧНИК ЗАПИСИ
Страна российская федерация
Организация NLR
Дата составления 20100130
Правила каталогизации rcr
942 ## - ДОПОЛНИТЕЛЬНЫЕ ЭЛЕМЕНТЫ ЗАПИСИ (АБИС)
Тип экземпляра АБИС Книга
980 ## - КОЛЛЕКЦИЯ
Название коллекции Национальная библиография
Экземпляры
Тип экземпляра Дата поступления Источник поступления Библиотека постоянного хранения Библиотека текущего хранения Место хранения Шифр хранения Штрих-код Статус не для выдачи
Книга 30.01.2010 Обязательный экземпляр РНБ (Московский) РНБ (Московский) Русский книжный фонд: издания с 1957 года, 8этаж 2010-4/1268 3091361  
Книга 30.01.2010 Обязательный экземпляр РНБ (Московский) РНБ (Московский) Русский книжный фонд: издания с 1957 года, 8этаж 2010-4/1268 3091362